| 000 | 01457cam a2200277Ii 4500 | ||
|---|---|---|---|
| 020 | _a0191757268 (ebook) | ||
| 020 | _a9780191757266 (ebook) | ||
| 040 | _cSTF | ||
| 082 | 0 | 4 | _a333 XEP 2012 C164 Or.1 |
| 245 | 0 | 0 |
_aEnvironment and development economics : _bessays in honour of Sir Partha Dasgupta / |
| 300 |
_a1 online resource : _billustrations (black and white), 1 map (black and white) |
||
| 520 | 8 | _aThis book honours Partha Dasgupta, and the field he helped establish; environment and development economics. It concerns the relationship between social systems and natural systems. Above all, it concerns the poverty-environment nexus: the complex pathways by which people become or remain poor, and resources become or remain overexploited | |
| 650 | 0 | _aEconomic development | |
| 650 | 0 | _aEconomics | |
| 650 | 0 | _aEnvironmental economics. | |
| 650 | 0 | _aEnvironmental policy | |
| 700 | 1 | _aBarrett, Scott | |
| 700 | 1 | _aDasgupta, Partha, | |
| 700 | 1 | _aM©Þler, Karl-G©œran, | |
| 700 | 1 | _aMaskin, Eric, | |
| 710 | 2 | _aOhio Library and Information Network. | |
| 856 | 4 | 0 | _uhttp://rave.ohiolink.edu/ebooks/ebc/9780199677856 |
| 856 | 4 | 0 | _uhttps://oxford.universitypressscholarship.com/view/10.1093/acprof:oso/9780199677856.001.0001/acprof-9780199677856 |
| 856 | 4 | 0 | _uhttp://proxy.ohiolink.edu:9099/login?url=https://oxford.universitypressscholarship.com/view/10.1093/acprof:oso/9780199677856.001.0001/acprof-9780199677856 |
| 942 | _cAEDBB | ||
| 999 |
_c19310 _d19310 |
||